000 01166nam0a22002771 4500
001 rc\31423
005 20260406081910.0
010 _a5-295-01044-9
_917000
035 _a(NLR Aleph) 005316627
090 _a6443105
_c6443105
100 _a20021216d1992 |||y0rusy50 ca
101 0 _arus
102 _aRU
105 _ay |||||||||
200 1 _aПогожие дни
_eРоман
_fФарит Исангулов
_gПеревод с башк. М. Гафурова
210 _aУфа
_cБашк. изд-во "Китап"
_d1992
215 _a253, [1] с.
_d20
300 _aПеред вып. дан. авт.: Исангулов Фарит Ахмадуллович
327 0 _aВ прил.: Грани дарования: Из подготавливаемой к изд. кн. воспоминаний о Ф. Исангулове
464 0 _12001#$aГрани дарования
_tГрани дарования
700 1 _7ca
_8rus
_aИсангулов
_bФ. А.
_f1928-1983
_gФарит Ахмадуллович
_3RU\NLR\AUTH\770276613
_92648580
801 0 _aRU
_bNLR
_gpsbo
801 1 _aRU
_bELAR
_2rusmarc
852 _aNLR
_j92-3/8376
942 _cBOOK
980 _aNB